| 000 | 00441nam a22001217a 4500 | ||
|---|---|---|---|
| 082 | _a200 THE | ||
| 100 |
_aMUHAMMAD AWAIS MALIK _934513 |
||
| 245 | _aTH-SOF-1384-AN ANALYTICAL ON RETURN ON INVESTMENT OF USING INTEGRATED BUILDING AUTOMATION SYSTEM FOR ELECTRICAL ENERGY MANAGEMENT AT MEGA PROJECTS IN PAKISTAN, CASE | ||
| 260 |
_aIslamabad _bNUST College of EME _c2017 |
||
| 300 | _a | ||
| 650 |
_a MS-MEM-8 MSTHESIS _970012 |
||
| 942 | _cCF | ||
| 999 |
_c577070 _d577070 |
||